Catálogo de la Biblioteca Horacio González - Universidad Nacional de General Sarmiento

Agua : (Registro nro. 21906)

Detalles MARC
000 -CABECERA
campo de control de longitud fija 01289nam a22003250a 4500
001 - NÚMERO DE CONTROL
campo de control PT1787
003 - IDENTIFICADOR DEL NÚMERO DE CONTROL
campo de control AR-LpoUNG
005 - FECHA Y HORA DE LA ÚLTIMA TRANSACCIÓN
campo de control 20210131233635.0
008 - DATOS DE LONGITUD FIJA--INFORMACIÓN GENERAL
campo de control de longitud fija 191001s1985||||ag |||||||||||||||||spa d
020 ## - NÚMERO INTERNACIONAL ESTÁNDAR DEL LIBRO
Número Internacional Estándar del Libro 9502301404
Condiciones de disponibilidad $6.56
040 ## - FUENTE DE LA CATALOGACIÓN
Centro catalogador/agencia de origen AR-LpoUNG
Lengua de catalogación spa
Centro/agencia transcriptor AR-LpoUNG
Normas de descripción aacr
041 ## - CÓDIGO DE LENGUA
Código de lengua del texto/banda sonora o título independiente spa
044 ## - CÓDIGO DEL PAÍS DE LA ENTIDAD EDITORA/PRODUCTORA
Código MARC del país ag
082 0# - NÚMERO DE LA CLASIFICACIÓN DECIMAL DEWEY
Número de clasificación 500 261
100 1# - ENTRADA PRINCIPAL--NOMBRE DE PERSONA
Nombre de persona Davis, Kenet
245 10 - MENCIÓN DE TÍTULO
Título Agua :
Resto del título espejo de la ciencia
250 ## - MENCIÓN DE EDICIÓN
Mención de edición 6ª ed.
260 ## - PUBLICACIÓN, DISTRIBUCIÓN, ETC.
Lugar de publicación, distribución, etc. Buenos Aires :
Nombre del editor, distribuidor, etc. EUDEBA,
Fecha de publicación, distribución, etc. agosto de 1985.
300 ## - DESCRIPCIÓN FÍSICA
Extensión 218 p. :
Otras características físicas gráfs.
520 ## - SUMARIO, ETC.
Sumario, etc. Los autores toman al elemento agua para describir el trabajo de la ciencia y su evolución en el tiempo. Por un lado explican las propiedades físicas y químicas , su estructura molecular, su ciclo en la naturaleza, su importancia en el ciclo y mantenimiento de la vida, por otro lado pasan revista a las antiguas y modernas concepciones acerca del agua y muestran como los avances de los conocimientos ponen de manifiesto la relación que existe entre todos los fenómenos de la naturaleza.
650 #4 - PUNTO DE ACCESO ADICIONAL DE MATERIA--TÉRMINO DE MATERIA
Término de materia o nombre geográfico como elemento de entrada AGUA
650 #4 - PUNTO DE ACCESO ADICIONAL DE MATERIA--TÉRMINO DE MATERIA
Término de materia o nombre geográfico como elemento de entrada CIENCIA
650 #4 - PUNTO DE ACCESO ADICIONAL DE MATERIA--TÉRMINO DE MATERIA
Término de materia o nombre geográfico como elemento de entrada PERSONAL CIENTIFICO
650 #4 - PUNTO DE ACCESO ADICIONAL DE MATERIA--TÉRMINO DE MATERIA
Término de materia o nombre geográfico como elemento de entrada QUIMICA
650 #4 - PUNTO DE ACCESO ADICIONAL DE MATERIA--TÉRMINO DE MATERIA
Término de materia o nombre geográfico como elemento de entrada QUIMICA DEL AGUA
651 #4 - PUNTO DE ACCESO ADICIONAL DE MATERIA--NOMBRE GEOGRÁFICO
Nombre geográfico DOCUMENTOS TEORICOS O METODOLOGICOS
700 1# - PUNTO DE ACCESO ADICIONAL--NOMBRE DE PERSONA
Nombre de persona Day, John Arthur
905 ## - ELEMENTOS DE DATOS E LOCAL, LDE (RLIN)
a 1787
942 ## - ELEMENTOS DE PUNTO DE ACCESO ADICIONAL (KOHA)
Tipo de ítem Koha Libro
Existencias
Estado de retiro Estado de pérdida Estado dañado No para préstamo Código de colección Localización permanente Ubicación/localización actual Fecha de adquisición Total de préstamos Signatura topográfica completa Código de barras Fecha visto por última vez Precio válido a partir de Tipo de ítem Koha
        Colección General Biblioteca Universidad Nacional de General Sarmiento Biblioteca Universidad Nacional de General Sarmiento 31/01/2021   500 261 00002873 31/01/2021 31/01/2021 Libro